000 00418nam a2200205Ia 4500
001 001206
003 YMCAF
005 20230512160052.0
008 100717s1961 ||||||||||||||||| ||und|d
024 _a1206
035 _a1188
040 _aYMCAF
_beng
_cIN-KoLT
041 _aeng
082 _aI.S-I.14
100 _aI.S.I.
245 0 _aI.S. 1369-1961
260 _bI.S.I.
_c1961
300 _a3
942 _2ddc
_cBK
999 _c970
_d970